000
00287nam a22001337a 4500
008
180221b xxu||||| |||| 00| 0 eng d
020
_a
413794009
041
_a
eng
080
_a
821
100
_a
21
101
_a
GJL
245
_a
Works of David Ricardo
_c
Sraffa, P
942
_2
udc
_c
BK
999
_c
43011
_d
43011